00359 2200145 4500001002100000005001500021035002000036245005300056100002200109300001200131260003600143082000800179084001400187990001200201INLIS00000000000232020250528092839 a0010-05250006121 aMenjadi Kaya Bersama Dzikir /cMuhammad Muhyidin0 aMuhammad Muhyidin a264 hlm aYogyakarta :bDiva Press,c2007 a297 a297 MUH m a0712606